Společenská odpovědnost = způsob podnikání

Ide predovšetkým o spôsob myslenia a chovania danej firmy a jej prístup k okoliu - teda aj klientom, akcionárom a tiež k zamestnancom. Preto by spoločenská zodpovednosť mala tvoriť jeden z hlavných pilierov stratégie firmy a predstavovať súčasť podnikania.

Salvato in:
Dettagli Bibliografici
Autore principale: Folovská, Pavlína
Natura: Capitolo di libro
Lingua:ceco
Soggetti:
Tags: Aggiungi Tag
Nessun Tag, puoi essere il primo ad aggiungerne!!

MARC

LEADER 00000naa a2200000 4500
001 0117495
005 20231113132259.1
041 0 |a cze 
044 |a CZ 
245 1 0 |a Společenská odpovědnost = způsob podnikání  |c Pavlína Folovská 
520 |a Ide predovšetkým o spôsob myslenia a chovania danej firmy a jej prístup k okoliu - teda aj klientom, akcionárom a tiež k zamestnancom. Preto by spoločenská zodpovednosť mala tvoriť jeden z hlavných pilierov stratégie firmy a predstavovať súčasť podnikania. 
610 2 0 |a firmy 
610 2 0 |a zodpovednosť spoločenská 
100 1 |a Folovská, Pavlína